|
|
|
|
| LEADER |
00000nam0a2200000 4500 |
| 001 |
48681 |
| 005 |
20231031032115.0 |
| 035 |
|
|
|a (RuTPU)RU\TPU\book\50982
|
| 090 |
|
|
|a 48681
|
| 100 |
|
|
|a 20030320d1983 m y0rusy50 ca
|
| 101 |
0 |
|
|a rus
|
| 102 |
|
|
|a RU
|
| 105 |
|
|
|a a j 001zy
|
| 200 |
1 |
|
|a Взаимозаменяемость и технические измерения
|e учебник
|f Н. Н. Марков
|
| 210 |
|
|
|a Москва
|c Изд-во стандартов
|d 1983
|
| 215 |
|
|
|a 288 с.
|c ил.
|
| 320 |
|
|
|a Библиогр.: с. 284-285
|
| 610 |
1 |
|
|a машиностроение
|
| 610 |
1 |
|
|a взаимозаменяемость
|
| 610 |
1 |
|
|a технические измерения
|
| 610 |
1 |
|
|a допуски
|
| 610 |
1 |
|
|a посадки
|
| 610 |
1 |
|
|a нормирование
|
| 610 |
1 |
|
|a учебники
|
| 675 |
|
|
|a 621-182(075.3)
|v 3
|
| 675 |
|
|
|a 621:53.08(075.3)
|v 3
|
| 700 |
|
1 |
|a Марков
|b Н. Н.
|g Николай Николаевич
|
| 801 |
|
1 |
|a RU
|b 63413507
|c 20030320
|g PSBO
|
| 801 |
|
2 |
|a RU
|b 63413507
|c 20201204
|g PSBO
|
| 900 |
|
|
|a Технические измерения и приборы
|
| 942 |
|
|
|c BK
|